রেলওয়েতে মুক্তিযুদ্ধ ও গণহত্যা / (Record no. 11556)
[ view plain ]
| 000 -LEADER | |
|---|---|
| fixed length control field | 00870nam a2200229 a 4500 |
| 001 - CONTROL NUMBER | |
| JCCL Control Number | 11556 |
| 003 - CONTROL NUMBER IDENTIFIER | |
| JCCL marc code | BD-JhCC |
| 005 - DATE AND TIME OF LATEST TRANSACTION | |
| control field | 20200328133629.0 |
| 008 - FIXED-LENGTH DATA ELEMENTS--GENERAL INFORMATION | |
| fixed length control field | 200328s2018 b |||| |||| 000 0 be d |
| 020 ## - INTERNATIONAL STANDARD BOOK NUMBER | |
| International Standard Book Number | 9789849124894 |
| 035 ## - SYSTEM CONTROL NUMBER | |
| system control number | (BD-JhCC)11556 |
| 040 ## - CATALOGING SOURCE | |
| Original cataloging agency | BD-JhCC |
| Modifying agency | BD-JhCC |
| 041 ## - LANGUAGE CODE | |
| Language code of Book | ben |
| 082 ## - DEWEY DECIMAL CLASSIFICATION NUMBER | |
| Classification number | 385.09549205 |
| Author mark and Year | RAZ 2019 |
| 100 ## - MAIN ENTRY--PERSONAL NAME | |
| Personal name | রাজ্জাক, মানিক মোহাম্মদ |
| 245 ## - TITLE STATEMENT | |
| Title | রেলওয়েতে মুক্তিযুদ্ধ ও গণহত্যা / |
| Statement of responsibility, etc | মানিক মোহাম্মদ রাজ্জাক |
| 260 ## - PUBLICATION, DISTRIBUTION, ETC. (IMPRINT) | |
| Place of publication, distribution, etc | ঢাকা : |
| Name of publisher, distributor, etc | নালন্দা, |
| Date of publication, distribution, etc | ২০১৯. |
| 300 ## - PHYSICAL DESCRIPTION | |
| Pagination | ৪৮৮ পৃ. : |
| Dimensions | ২০ সেমি. |
| 500 ## - GENERAL NOTE | |
| General note | গ্রন্থপঞ্জি অর্ন্তভূক্ত |
| 650 ## - SUBJECT ADDED ENTRY--TOPICAL TERM | |
| Topical term or geographic name as entry element | Liberation war of Railway |
| Geographic subdivision | Bangladesh |
| 942 ## - ADDED ENTRY ELEMENTS (KOHA) | |
| Source of classification or shelving scheme | Dewey Decimal Classification |
| Koha item type | Books |
| Source of classification or shelving scheme | Damaged status | Not for loan | Home library | Current library | Shelving location | Date of accession | Cost, normal purchase price | Total Checkouts | Full call number | Barcode | Date last seen | Copy number | Koha item type |
|---|---|---|---|---|---|---|---|---|---|---|---|---|---|
| Dewey Decimal Classification | JCC Rouf Library | JCC Rouf Library | General Stacks | 03/28/2020 | 600.00 | 385.09549205 RAZ 2019 | 15782 | 03/28/2020 | C-1 | Books |